| 000 | 00932pam a2200253 a 4500 | ||
|---|---|---|---|
| 001 | 4361850 | ||
| 005 | 20250707150742.0 | ||
| 008 | 900209s1990 kyu b 001 0 eng | ||
| 020 | _a0664250955 | ||
| 020 | _a9780664250959 | ||
| 050 | 0 | 0 |
_aBS2417.L3 _bD85 1990 |
| 082 | 0 | 0 |
_a241/.2/09015 _220 |
| 100 | 1 |
_aDunn, James D. G., _d1939- |
|
| 245 | 1 | 0 |
_aJesus, Paul, and the law : _bstudies in Mark and Galatians / _cJames D.G. Dunn. |
| 250 | _a1st American ed. | ||
| 260 |
_aLouisville, Ky. : _bWestminster/John Knox Press, _cc1990. |
||
| 300 |
_ax, 277 p. ; _c22 cm. |
||
| 650 | 0 | _aJewish law. | |
| 650 | 0 |
_aLaw (Theology) _xBiblical teaching. |
|
| 650 | 0 |
_aLaw and gospel _xBiblical teaching. |
|
| 856 | 4 | 2 |
_3Contributor biographical information _uhttp://www.loc.gov/catdir/enhancements/fy1206/90032703-b.html |
| 856 | 4 | 2 |
_3Publisher description _uhttp://www.loc.gov/catdir/enhancements/fy1206/90032703-d.html |
| 942 |
_2lcc _cBK _n0 |
||
| 999 |
_c6850 _d6850 |
||